| 000 | 00341nam a2200133Ia 4500 | ||
|---|---|---|---|
| 008 | 240624s9999 xx 000 0 und d | ||
| 041 | _aeng | ||
| 082 | _a332 LEH | ||
| 100 | _aLEHNER OTHMAR M | ||
| 245 | _aROUTLEDGE HANDBOOK OF SOCIAL AND SUSTAIN | ||
| 260 |
_c2017 _aLondon _bRoutledge |
||
| 300 | _axl, 732 p.; 23 cm. | ||
| 365 |
_cBPS _b38 |
||
| 999 |
_c31243 _d31243 |
||